ARRUPE JESUIT UNIVERSITY

CORONAVIRUS -STOP THE SPREAD - CLEAN,DISINFECT,COVER

The school, the community and lifelong learning (Record no. 119727)

MARC details
000 -LEADER
fixed length control field 01518cam a2200421Ia 4500
001 - CONTROL NUMBER
control field 6980052
003 - CONTROL NUMBER IDENTIFIER
control field ARRUPE
005 - DATE AND TIME OF LATEST TRANSACTION
control field 20140128133045.0
006 - FIXED-LENGTH DATA ELEMENTS--ADDITIONAL MATERIAL CHARACTERISTICS--GENERAL INFORMATION
fixed length control field m u
007 - PHYSICAL DESCRIPTION FIXED FIELD--GENERAL INFORMATION
fixed length control field cr cn|||||||||
008 - FIXED-LENGTH DATA ELEMENTS--GENERAL INFORMATION
fixed length control field 980610s1997 enk sb 001 0 eng d
010 ## - LIBRARY OF CONGRESS CONTROL NUMBER
Canceled/invalid LC control number 98027906
020 ## - INTERNATIONAL STANDARD BOOK NUMBER
Cancelled/invalid ISBN 9780304332854
020 ## - INTERNATIONAL STANDARD BOOK NUMBER
Cancelled/invalid ISBN 9781847141583
020 ## - INTERNATIONAL STANDARD BOOK NUMBER
Cancelled/invalid ISBN 0304332828 (hardback)
020 ## - INTERNATIONAL STANDARD BOOK NUMBER
Cancelled/invalid ISBN 0304332852 (paperback)
035 ## - SYSTEM CONTROL NUMBER
System control number (CaPaEBR)ebr10224725
035 ## - SYSTEM CONTROL NUMBER
System control number (NNC)6980052
040 ## - CATALOGING SOURCE
Original cataloging agency CaPaEBR
Transcribing agency CaPaEBR
050 14 - LIBRARY OF CONGRESS CALL NUMBER
Classification number LC5225.C42
Item number .C466 1997
082 04 - DEWEY DECIMAL CLASSIFICATION NUMBER
Classification number 374.8
Edition number 21
300 ## - PHYSICAL DESCRIPTION
Dimensions 25cm.
100 1# - MAIN ENTRY--PERSONAL NAME
Personal name Chapman, Judith D.
9 (RLIN) 7146
245 14 - TITLE STATEMENT
Title The school, the community and lifelong learning
Medium [electronic resource] /
Statement of responsibility, etc Judith D. Chapman and David N. Aspin.
260 ## - PUBLICATION, DISTRIBUTION, ETC. (IMPRINT)
Place of publication, distribution, etc London ;
-- Washington :
Name of publisher, distributor, etc Cassell,
Date of publication, distribution, etc 1997.
300 ## - PHYSICAL DESCRIPTION
Extent xii, 337 p.;
490 1# - SERIES STATEMENT
Series statement School development series
504 ## - BIBLIOGRAPHY, ETC. NOTE
Bibliography, etc Includes bibliographical references (p. 315-329) and index.
533 ## - REPRODUCTION NOTE
Type of reproduction Electronic reproduction.
Place of reproduction Palo Alto, Calif. :
Agency responsible for reproduction ebrary,
Date of reproduction 2008.
Note about reproduction Available via World Wide Web.
-- Access may be limited to ebrary affiliated libraries.
650 #0 - SUBJECT ADDED ENTRY--TOPICAL TERM
Topical term or geographic name as entry element Continuing education.
9 (RLIN) 7147
650 #0 - SUBJECT ADDED ENTRY--TOPICAL TERM
Topical term or geographic name as entry element Community and school.
9 (RLIN) 7148
655 #7 - INDEX TERM--GENRE/FORM
Genre/form data or focus term Electronic books.
Source of term local
9 (RLIN) 7149
700 1# - ADDED ENTRY--PERSONAL NAME
Personal name Aspin, David N.
9 (RLIN) 7150
710 2# - ADDED ENTRY--CORPORATE NAME
Corporate name or jurisdiction name as entry element ebrary, Inc.
9 (RLIN) 7151
830 #0 - SERIES ADDED ENTRY--UNIFORM TITLE
Uniform title School development series.
9 (RLIN) 7152
856 40 - ELECTRONIC LOCATION AND ACCESS
Uniform Resource Identifier <a href="http://www.columbia.edu/cgi-bin/cul/resolve?clio6980052">http://www.columbia.edu/cgi-bin/cul/resolve?clio6980052</a>
Public note Click here for full text.
942 ## - ADDED ENTRY ELEMENTS (KOHA)
Source of classification or shelving scheme Library of Congress Classification
Koha item type Monograph ( Printed materials)
Holdings
Withdrawn status Lost status Source of classification or shelving scheme Damaged status Not for loan Collection code Home library Current library Shelving location Date acquired Total Checkouts Full call number Barcode Date last seen Date checked out Price effective from Koha item type
    Library of Congress Classification     Main Collection ARRUPE LIBRARY ARRUPE LIBRARY Main Collection 28/01/2014 2 LC5225.C42 .C466 1997 464122372 23/09/2021 10/09/2021 28/01/2014 Monograph ( Printed materials)

 

Arrupe Library. PO Box MP320 Mt Pleasant, Harare, Zimbabwe
263 242 745411|librarian@aju.ac.zw